000 01095nam a2200313 i 4500
001 000040702
003 DO-SdBNP
005 20230918135741.0
007 ta
008 130905s2013 dr a 000 0 spa d
040 _aDO-SdBNP
_bspa
_cBNPHU
_erda
082 4 _aRD863.5
_bR457c
_222
100 1 _aReyes, Isaías Alberto
_d1983-
_967082
_eautor
245 1 0 _aCuentos, prosas y algunas locuras /
_cIsaías Alberto Reyes; Jorge Satrústegui Pérez-Caballero.
264 _a[Santo Domingo] :
_b[s.n.],
_c2013.
300 _a140 páginas :
_bilustraciones ;
_c21 cm.
336 _2rdacontent
_atexto
_btxt
337 _2rdamedia
_asin mediación
_bn
338 _2rdacarrier
_avolumen
_bnc
500 _aIncluye datos biográficos de los autores en la contraportada
590 _aInventariado, 2023/MFF
650 4 _aCuentos dominicanos
650 4 _aCuentos españoles
_93194
650 4 _aLiteratura dominicana
650 4 _aLiteratura española
_9632
700 1 _aSatrústegui Pérez-Caballero, Jorge
_d1939-
_967083
910 _aValidado. Control de calidad MFF
942 _2ddc
_cLBS1
999 _c40192
_d40192